Entry Nombre personal
001 - NÚMERO DE CONTROL
- campo de control: 30439
003 - IDENTIFICADOR DEL NÚMERO DE CONTROL
- campo de control: BNPHU
005 - FECHA Y HORA DE LA ÚLTIMA TRANSACCIÓN
- campo de control: 20240301180539.0
008 - DATOS DE LONGITUD FIJA
- campo de control de longitud fija: 200615|| aca||aabn | a|a d
010 ## - NÚMERO DE CONTROL DE LA BIBLIOTECA DEL CONGRESO
- Número de control de LC: n 79006935
040 ## - FUENTE DE LA CATALOGACIÓN
- Centro catalogador/agencia de origen: DO-SdBNP
- Lengua de catalogación: spa
- Centro/agencia transcriptor: BNPHU
- Normas de descripción: rda
100 1# - ENCABEZAMIENTO-NOMBRE DE PERSONA
- Nombre de persona: Marx, Karl,
- Fechas asociadas al nombre: 1818-1883
370 ## - LUGAR ASOCIADO
- Lugar de nacimiento: Tréveris, Alemania
- Otro lugar asociado: Londres, Reino Unido
374 ## - OCUPACIÓN
- Ocupación: Filósofo, economista, sociólogo, periodista, intelectual y militante comunista
- Ocupación: Sociólogo
- Ocupación: Economista
- Ocupación: Periodista
- Ocupación: Intelectual
- Ocupación: Militante comunista
375 ## - GÉNERO/SEXO
- Género/Sexo: Masculino
400 1# - TRAZADO DE VÉASE--NOMBRE DE PERSONA
- Nombre de persona: Marx, Carlos,
- Fechas asociadas al nombre: 1818-1883
400 1# - TRAZADO DE VÉASE--NOMBRE DE PERSONA
- Nombre de persona: Marks, Karl,
- Fechas asociadas al nombre: 1818-1883
670 ## - FUENTE DE DATOS ENCONTRADOS
- Cita de la fuente: Karl Marx, 1818-1883, 2018
670 ## - FUENTE DE DATOS ENCONTRADOS
- Cita de la fuente: Barco, O. del. Esencia y apariencia en El Capital, 1977:
- Información encontrada: solapa de enfrente (Carlos Marx)
670 ## - FUENTE DE DATOS ENCONTRADOS
- Identificador Uniforme del Recurso: https://es.wikipedia.org/wiki/Karl_Marx
